[Event "GER-ch Net blitz qual3"]
[Site "Playchess.com INT"]
[Date "2020.03.21"]
[Round "9"]
[White "Zhou, Lepu Coco"]
[Black "Schubert, Marco"]
[Result "0-1"]
[WhiteElo "1872"]
[BlackElo "1741"]
[PlyCount "192"]
[EventDate "2020.03.21"]
[EventType "swiss (blitz)"]
[EventRounds "9"]
[EventCountry "GER"]
[SourceTitle "CBM 195 Extra"]
[Source "ChessBase"]
[SourceDate "2020.05.31"]
[SourceVersion "1"]
[SourceVersionDate "2020.05.31"]
[SourceQuality "1"]

1. e4 d6 2. d4 Nf6 3. Nc3 g6 4. f4 Bg7 5. Nf3 c5 6. e5 Nfd7 7. h4 h5 8. exd6 exd6 9. Qe2+ Qe7 10. Qxe7+ Kxe7 11. Nd5+ Kd8 12. Ng5 Rf8 13. dxc5 Nxc5 14. Be3 Ne6 15. Nxe6+ fxe6 16. Nc3 Nc6 17. 0-0-0 Ke7 18. Nb5 Rd8 19. Nc7 Rb8 20. Bb5 Rd7 21. Bxc6 bxc6 22. Na6 Bxa6 23. Bd4 Bxd4 24. Rxd4 c5 25. Ra4 Bb5 26. Ra3 Rf8 27. g3 Rf5 28. Re1 Kf6 29. Rb3 a6 30. Rbe3 Re7 31. b3 e5 32. c4 Bc6 33. Kb2 Re6 34. Kc3 Bd7 35. fxe5+ Rfxe5 36. Rxe5 Rxe5 37. Rf1+ Bf5 38. Rf3 d5 39. cxd5 Rxd5 40. Kc4 Re5 41. a3 g5 42. hxg5+ Kxg5 43. b4 cxb4 44. Kxb4 Kg4 45. Rc3 Rb5+ 46. Kc4 h4 47. gxh4 Kxh4 48. Kd4 Kg5 49. Rc6 Ra5 50. Rc3 Kf4 51. Kc4 Be4 52. Kd4 Rd5+ 53. Kc4 Rd1 54. a4 Ke5 55. Kb4 Rb1+ 56. Ka5 Kd4 57. Rc7 Bd3 58. Rd7+ Kc3 59. Rc7+ Bc4 60. Rc8 Rb4 61. Rc7 Kb3 62. Rc8 Rxa4+ 63. Kb6 Rb4+ 64. Ka5 Rb5+ 65. Kxa6 Rb8+ 66. Ka7 Rxc8 67. Kb6 Kb4 68. Kb7 Rc5 69. Kb6 Rg5 70. Kc6 Bb5+ 71. Kd6 Kc4 72. Ke6 Kd4 73. Kf6 Rc5 74. Ke6 Bd3 75. Kf6 Ke4 76. Kg6 Kf4+ 77. Kh6 Kg4 78. Kg7 Rc6 79. Kf7 Bc4+ 80. Ke7 Kf5 81. Kd7 Rh6 82. Ke7 Bd5 83. Kd7 Ke5 84. Kc7 Bf3 85. Kd7 Rg6 86. Kc7 Bd1 87. Kd7 Ra6 88. Kc7 Kd5 89. Kb7 Rh6 90. Kc7 Rg6 91. Kb7 Kc5 92. Ka7 Kb5 93. Kb7 Rg7+ 94. Kb8 Kc6 95. Ka8 Kb6 96. Kb8 Rg8# 0-1

[Event "Sachsen-Anhalt Verbandsliga 1920"]
[Site "Sachsen Anhalt"]
[Date "2019.10.20"]
[Round "2.6"]
[White "Schroeter, Lucas"]
[Black "Schubert, Marco"]
[Result "1/2-1/2"]
[WhiteElo "1782"]
[BlackElo "1806"]
[PlyCount "48"]
[EventDate "2019.09.29"]
[EventType "team-tourn"]
[EventRounds "9"]
[EventCountry "GER"]
[SourceTitle "EXT 2023"]
[Source "ChessBase"]
[SourceDate "2022.10.05"]
[SourceVersion "1"]
[SourceVersionDate "2022.10.05"]
[SourceQuality "1"]
[WhiteTeam "Magdeburg USC"]
[BlackTeam "Graefenhainichen"]
[WhiteTeamCountry "GER"]
[BlackTeamCountry "GER"]

1. c4 Nf6 2. Nc3 g6 3. g3 d6 4. Bg2 c5 5. Nf3 Bg7 6. 0-0 0-0 7. d3 Nc6 8. a3 Ne8 9. Bd2 Rb8 10. Rb1 Nc7 11. b4 cxb4 12. axb4 Bd7 13. b5 Nd4 14. Nxd4 Bxd4 15. e3 Bg7 16. b6 axb6 17. Rxb6 Bxc3 18. Bxc3 Nd5 19. Rb3 Nxc3 20. Rxc3 b5 21. cxb5 Qa5 22. Qc2 Bxb5 23. Rc1 Ba4 24. Qa2 Qb4 1/2-1/2